00740nam a2200193 a 450000100100000000500170001000800410002704000250006808200160009310000410010924500460015026000760019630000200027249000190029283000260031104900090033795201830034699900170052900003315720240307185845.0110818s1937 dr 000 0 spa d aDO-SdBNPbspacBNPHU axxxxbD159c1 aDamirón, Rafael,d1882-195692728713aLa caida del cacique /cRafael Damirón. aCiudad Trujillo, República Dominicana :bImp. Listín Diario,c1937. a16 p. ;c22 cm.1 aFolletovno. 1 0aFolletovno. 1955058 aBNPD 001050718RVaPDbPDcHDd2011-08-18iLF1l0oxxxx D159cp33157-10r2020-06-25w2020-06-25y1zPerteneció a la biblioteca personal de Carlos Larrazábal BlancoZNo se presta c32648d32648